| 000 | 00532nam a22001937a 4500 | ||
|---|---|---|---|
| 005 | 20251108165851.0 | ||
| 008 | 250721s2002 xx 000 0 ara d | ||
| 082 | 1 | 4 | _a347.0024/شوش |
| 100 | 1 | _aشوشاري، صلاح الدين | |
| 245 | 1 | 0 | _aالدليل العملي للمحامي / |
| 264 | 1 |
_aعمان : _c2002. |
|
| 300 | _a208ص | ||
| 650 | 1 | 7 | _aالمحامون |
| 650 | 1 | 7 | _aالقانون الإداري |
| 650 | 1 | 7 | _aمهنة المحاماة |
| 650 | 1 | 7 | _aالأدلة |
| 942 |
_2ddc _cBK |
||
| 999 |
_c33396 _d33396 |
||